000 01693nam a2200397 c 4500
003 BLK
005 20240319160822.0
008 180409b bul|||||r ||||||| ||bul||
010 _aKNG00138706000
020 _a978-954-625-614-0
_bиздат.: Фют
040 _aBLK
041 _aBUL
_cBUL
072 7 _2bullib
_aН86
_xДетска отраслова литература Н
080 _aПаметници на културата на историческите периоди. Археологическите паметници. Старини
_b904
_x(100)
_z904(100)
100 1 _aМърфи, Глен
_eпърви автор
_9300417
700 _aМитренцева, Екатерина Христева
_9270859
139 _aМърфи, Глен
_bМ 97
245 1 0 _aСъкровища
_bИзгубени и отново намерени
_cГлен Мърфи; прев. Екатерина Христева Митренцева.
257 _aGBR
260 София
_bФют
_c2010
_fотпеч. в Китай
300 _a64 с.
_bс цв. ил., к.
_c29 см
380 _aDN
490 1 _aКръговрати
500 _aОриг. загл. Infinity Treasure. - За автора. - Азб. показалец.
650 4 _aСъкровища
_9172969
653 _aсъкровища
653 _aдетска литература
653 _aлитература за деца
659 _aН
852 _aЦб ІІ 17635
856 4 _qpdf
_u
856 4 _qpdf
_u
942 _cKNG
_n0
_01
944 _aCR
_c30.01.2013
_lГеновева Генчева
_k30560
944 _aED
_c09.01.2015
_lф /
_kЛюдмила_Стоянова
999 _c132828
_d132828